Quick Pick: 'Harry Potter' Horcrux Destroyers Quiz Stats

 Plays Quiz Updated Mar 16, 2017

Support Sporcle.
Go Orange.
Score 0/7 Timer 01:00
0 Plays Today
% Correct
Harry Potter
92%
Lord Voldemort
91.9%
Neville Longbottom
88.9%
Albus Dumbledore
84.8%
Ron Weasley
80.1%
Hermione Granger
77.2%
Vincent Crabbe
69.2%

Today's Daily Dose

You're not logged in!

Compare scores with friends on all Sporcle quizzes.
OR
Log In
Forgot?

From the Vault

Find the Cards!

by Rackie

Still easier than 52 card pick-up.
Remove Ads.
Support Sporcle.
Get the best of Sporcle when you Go Orange. This ad-free experience offers more features, more stats, and more fun while also helping to support Sporcle. Thank you for becoming a member.

Show Comments

Extras

Top Quizzes Today


Score Distribution

Your Account Isn't Verified!

In order to create a playlist on Sporcle, you need to verify the email address you used during registration. Go to your Sporcle Settings to finish the process.

Report this User

Report this user for behavior that violates our Community Guidelines.

Details: